000 00562nam a2200229Ia 4500
003 OSt
005 20220924153604.0
006 a|||||r|||| 00| 0
007 ta
008 220923b |||||||| |||| 00| 0 tam d
024 _a350872
037 _cTextual
040 _aARTS
_cARTS
_btam
041 _2tam
_atam
082 _aO111,3M54, 31P3
100 _awilde oskar
_9229307
245 0 _aEareste
260 _c2003
650 _aTAMIL LITERATURE
942 _hO111,3M54, 31P3
_cTEXL
_2CC
999 _c474157
_d474157